000 00681cam a2200241 4500500
005 20260405003026.0
041 _afre
042 _adc
100 1 0 _aGastineau, Nicolas
_eauthor
245 0 0 _aLa galaxie collapso
260 _c2020.
500 _a13
690 _aAnthropocène
690 _aCollapsologie
690 _aDéclin
690 _aDécroissance
690 _aEffondrement
690 _aEnvironnement
690 _aPablo Servigne
690 _aTechnique
786 0 _nPhilosophie magazine | 136 | 2 | 2020-02-01 | p. 22-22 | 1951-1787
856 4 1 _uhttps://shs.cairn.info/magazine-philosophie-magazine-2020-2-page-22?lang=fr&redirect-ssocas=7080
999 _c2063666
_d2063666